| 000 | 00904 a2200217 4500 | ||
|---|---|---|---|
| 005 | 20080924111723.0 | ||
| 008 | 080924t xxu||||| |||| 00| 0 eng d | ||
| 010 | _aENG-87842 | ||
| 020 |
_a8190420291 _c500.00 |
||
| 035 | _aEN-71375 | ||
| 037 | _bD.B.Act / Pub | ||
| 082 | _a378.155068 | ||
| 100 | _aNayyar, Suman | ||
| 245 |
_aUniversity administration _cby Suman Nayyar _btext and case studies |
||
| 260 |
_aNew Delhi _bRegal Publications _c2007 |
||
| 270 |
_aF-159, Rajouri Garden _bNew Delhi _e110 027 _k011-45546396 _mregalbookspub@yahoo.com |
||
| 300 |
_axiv, 189 p. _c23 cm. (Hb.) |
||
| 500 | _aIncludes bibliograpgical references and index | ||
| 942 |
_adpl _cEN _k378.155068 / NAY _2ddc _h378.155068 _mNAY |
||
| 999 |
_c7124 _d7124 |
||